La cuenta corriente bancaria y el cheque
Gespeichert in:
| 1. Verfasser: | |
|---|---|
| Format: | Buch |
| Sprache: | Spanisch |
| Veröffentlicht: |
Buenos Aires
Depalma
1988
|
| Ausgabe: | 2a. ed |
| Schriftenreihe: | Actividad práctica bancaria, 1
|
| Schlagworte: | |
| Tags: |
Tag hinzufügen
Keine Tags, Fügen Sie den ersten Tag hinzu!
|
MARC
| LEADER | 00000nam a2200000 a 4500 | ||
|---|---|---|---|
| 001 | UCV1317 | ||
| 003 | CL-VaPUC | ||
| 008 | 900410e19880000AG |||||||||||||||||spa|d | ||
| 082 | 0 | 4 | |a 346.096 |b VIL |2 21 |
| 100 | |a Villegas, Carlos Gilberto |e author |9 569323 | ||
| 245 | 1 | 3 | |a La cuenta corriente bancaria y el cheque |
| 250 | |a 2a. ed | ||
| 300 | |a 364 p | ||
| 942 | |c BK | ||
| 945 | |d 19900410 00:00:00 | ||
| 260 | |a Buenos Aires |b Depalma |c 1988 | ||
| 650 | 0 | |a Bancos |9 254963 | |
| 650 | 7 | |a CUENTAS BANCARIAS |2 CL-VaPUC |9 256213 | |
| 650 | 0 | |a Cheques |9 254910 | |
| 650 | 0 | |a Derecho y legislación |9 255077 | |
| 651 | 0 | |a Argentina |9 254888 | |
| 583 | |a last modification |c 19900410 00:00:00 |k Rodrigo Vera | ||
| 490 | 0 | |a Actividad práctica bancaria, 1 | |
| 999 | |c 209302 |d 209300 | ||
| 952 | |0 0 |1 0 |4 0 |6 346_096000000000000_VIL_1988 |7 0 |8 A |9 184630 |a BIBDER |b BIBDER |d 2019-11-14 |i 2519399 |o 346.096 VIL 1988 |p 2519399 |r 2019-11-14 |w 2019-11-14 |y BK |k DER | ||